Las burguesías europeas del siglo XIX: sociedad civil, política y cultura

Guardat en:
Dades bibliogràfiques
Autor principal: Fradera, Josep María (Autor)
Altres autors: Millán García-Varela, Jesús (autor)
Format: Llibre
Idioma:espanyol
Publicat: Madrid Biblioteca nueva 2000
Col·lecció:Colección Historia, 12
Matèries:
Etiquetes: Afegir etiqueta
Sense etiquetes, Sigues el primer a etiquetar aquest registre!

MARC

LEADER 00000nam a2200000 a 4500
001 UCK9773
003 CL-VaPUC
008 060531e20000000SP |||||||||||||||||spa|d
020 |a 8470308203 
082 0 4 |a 940.19  |b FRA  |2 21 
100 0 |a Fradera, Josep María  |e author  |9 499687 
700 |a Millán García-Varela, Jesús  |e autor  |9 521586 
245 1 4 |a Las burguesías europeas del siglo XIX: sociedad civil, política y cultura 
300 |a 398 p 
942 |c BK 
945 |d 20060531 00:00:00  |a jtorresc 
260 |a Madrid  |b Biblioteca nueva  |c 2000 
650 0 |a Historia de Europa  |9 392003 
650 0 |a Edad media  |9 258041 
650 7 |a CRISIS  |2 CL-VaPUC  |9 328300 
650 0 |a Feudalismo  |9 313469 
650 0 |a Burguesía  |9 318985 
650 0 |a Sociedad  |9 307903 
650 0 |a Economía de mercado  |9 328785 
650 7 |a MONARQUIAS  |2 CL-VaPUC  |9 388950 
651 0 |a Europa  |9 255156 
583 |a last modification  |c 20060531 00:00:00  |k Rodrigo Vera 
490 0 |a Colección Historia, 12 
999 |c 316836  |d 316834 
952 |0 0  |1 0  |4 0  |6 940_190000000000000_FRA_2000  |7 0  |8 A  |9 392330  |a BIBHIS  |b BIBHIS  |d 2019-11-22  |i 4237595  |o 940.19 FRA 2000  |p 4237595  |r 2025-01-20  |w 2019-11-22  |y BK  |k HIS